[Event "2020 WA-BC Intermat"]
[Site "Chess.com"]
[Date "2020.04.25"]
[Round "2"]
[White "Yang, Jingyun"]
[Black "Velea, Sophie"]
[Result "1-0"]
[WhiteElo "1812"]
[BlackElo "1886"]
[EventType "team"]

1. e4 c5 2. Nf3 d6 3. d4 cxd4 4. Nxd4 Nf6 5. Nc3 g6 6. Bc4 Bg7 7. Bb3 O-O 8.
O-O Nc6 9. Be3 Bd7 10. Qd2 Rc8 11. Kh1 Nxd4 12. Bxd4 Bc6 13. f3 Nd7 14. Bxg7
Kxg7 15. Bd5 Nb6 16. Bxc6 bxc6 17. Rad1 Qc7 18. b3 Rfd8 19. Qf4 Rd7 20. Rd2
Rcd8 21. Rfd1 Qb7 22. Ne2 d5 23. Ng3 dxe4 24. Nxe4 Rxd2 25. Rxd2 Rxd2 26. Qxd2
Qd7 27. Qc3+ Kg8 28. h3 Nd5 29. Qd2 Qc7 30. c4 Nf6 31. Nxf6+ exf6 32. Qd4 Kg7
33. b4 Qe7 34. Qd2 Qe6 35. c5 Qe5 36. f4 Qe4 37. Kh2 h6 38. h4 Qc4 39. g3 Qf1
40. Qg2 Qb5 41. a3 a5 42. bxa5 Qxa5 43. Qxc6 Qxa3 44. Qd6 Qf3 45. Qd2 Qc6 46.
Qe3 Qd5 47. Kg1 Qd1+ 48. Kg2 Qd5+ 49. Kf2 Qa2+ 50. Kf3 Qd5+ 51. Ke2 Qc4+ 52.
Kd2 Qa2+ 53. Kd3 Qb3+ 54. Kd4 Qb4+ 55. Kd5 Qb7+ 56. c6 Qb5+ 57. Kd6 Qb4+ 58.
Kd7 Qb5 59. Qe8 Qf5+ 60. Kd8 Qd5+ 61. Qd7 Qa5+ 62. c7 h5 63. Ke8 Qa8+ 64. c8=Q
Qe4+ 65. Kd8 Qe1 66. Qcc7 Qxg3 67. Qxf7+ Kh6 68. Qh7# 1-0

[Event "2020 WA-BC Intermat"]
[Site "Chess.com"]
[Date "2020.04.25"]
[Round "1"]
[White "Li, Albert"]
[Black "Su, Ethan"]
[Result "1/2-1/2"]
[WhiteElo "1788"]
[BlackElo "1953"]
[EventType "team"]

1. e4 c5 2. Nf3 e6 3. d4 cxd4 4. Nxd4 Nc6 5. Nc3 Qc7 6. Be3 a6 7. a3 Nf6 8.
Be2 Be7 9. O-O O-O 10. Kh1 b5 11. f4 Bb7 12. Bf3 d6 13. Nb3 Rad8 14. Qe1 Rfe8
15. Qf2 Qb8 16. g4 d5 17. e5 Nd7 18. g5 Nf8 19. Rad1 b4 20. axb4 Bxb4 21. Ne2
Qa8 22. c3 Be7 23. Ned4 Nxd4 24. Nxd4 Bc5 25. Bh5 Ng6 26. h4 Bxd4 27. Bxd4 Ne7
28. Bf3 Nf5 29. h5 Nxd4 30. Rxd4 Bc6 31. Rg1 g6 32. Qh2 Qb7 33. hxg6 fxg6 34.
Rgd1 Rb8 35. R1d2 a5 36. Qg2 Rbc8 37. Bg4 Rc7 38. Qh3 Rce7 39. Be2 a4 40. Bd3
Qa7 41. Rh2 Rg7 42. Kg1 a3 43. bxa3 Qxa3 44. Bc2 Qa1+ 45. Rd1 Qa7+ 46. Rd4 Qe7
47. Qe3 Ra8 48. Rhd2 Qc5 49. Kf2 Rc8 50. Bb3 Bb7 51. c4 Rd7 52. cxd5 Bxd5 53.
Rc2 Qf8 54. Rxc8 Qxc8 55. Bxd5 Rxd5 56. Rxd5 exd5 57. Qd4 {#d} 1/2-1/2

[Event "2020 WA-BC Intermat"]
[Site "Chess.com"]
[Date "2020.04.25"]
[Round "2"]
[White "Wu, Nathan P"]
[Black "Li, Albert"]
[Result "1/2-1/2"]
[WhiteElo "1868"]
[BlackElo "1788"]
[EventType "team"]

1. d4 Nf6 2. Bf4 e6 3. e3 d5 4. Nd2 c5 5. c3 Nc6 6. Bd3 Be7 7. Ngf3 O-O 8. Ne5
h6 9. Bg3 Nxe5 10. dxe5 Nd7 11. f4 b6 12. Bf2 Bb7 13. Qh5 Re8 14. g4 d4 15.
Be4 dxc3 16. bxc3 Qc7 17. h4 Bxe4 18. Nxe4 Qc6 19. Ng3 Bf8 20. g5 g6 21. Qe2
h5 22. Rg1 Bg7 23. Rd1 Rad8 24. Rd6 Qc7 25. Ne4 Nf8 26. Qd3 Nd7 27. Qd1 Bf8
28. Rd2 Be7 29. Ke2 Nb8 30. Rxd8 Rxd8 31. Qc2 Nc6 32. Rd1 Na5 33. Rxd8+ Qxd8
34. c4 Qc8 35. Be1 Nc6 36. a3 Qb7 37. Qd3 Qc7 38. Bc3 Qd8 39. Qxd8+ Nxd8 40.
Nd6 Kf8 41. Ne4 Ke8 42. Kd2 Kd7 43. Ng3 Nc6 44. Kc2 Nb8 45. Kb3 Kc6 46. e4 Nd7
47. a4 Bd8 48. Kc2 Bc7 49. Nf1 a5 50. Nd2 Bb8 51. Kd3 Bc7 52. Ke3 Bb8 53. Nf3
Bc7 54. f5 Nf8 {#d} 1/2-1/2

[Event "2020 WA-BC Intermat"]
[Site "Chess.com"]
[Date "2020.04.25"]
[Round "1"]
[White "Ramkumar, Aditya"]
[Black "Wu, Nathan P"]
[Result "0-1"]
[WhiteElo "1645"]
[BlackElo "1868"]
[EventType "team"]

1. Nf3 d5 2. e3 Bf5 3. b3 e6 4. Bb2 Nf6 5. d3 Bd6 6. Be2 O-O 7. O-O Nbd7 8.
Nbd2 h6 9. h3 c6 10. Re1 Bh7 11. Bf1 Qe7 12. a3 a5 13. c4 Nc5 14. Qc2 Rfc8 15.
Bc3 b5 16. Rec1 bxc4 17. bxc4 a4 18. Bb4 e5 19. Bxc5 Bxc5 20. Qc3 e4 21. Nd4
Rab8 22. dxe4 Nxe4 23. Nxe4 Bxe4 24. Bd3 Bxd4 25. Qxd4 c5 26. Qc3 Rb3 27. Qa5
Bxd3 28. cxd5 Qd6 29. Qxa4 Qxd5 30. f3 c4 31. e4 Qb5 32. Qa7 Qc5+ 33. Qxc5
Rxc5 34. Kf2 c3 35. Ke3 c2 36. Kd2 Rb1 37. a4 Rxa1 38. Rxa1 c1=Q+ 39. Rxc1
Rxc1 40. Kxc1 Bf1 41. Kd2 Bxg2 42. Ke3 Bxh3 43. f4 Bf1 {#R} 0-1

[Event "2020 WA-BC Intermat"]
[Site "Chess.com"]
[Date "2020.04.25"]
[Round "2"]
[White "Su, Ethan"]
[Black "Ramkumar, Aditya"]
[Result "1-0"]
[WhiteElo "1953"]
[BlackElo "1645"]
[EventType "team"]

1. c4 Nf6 2. Nc3 g6 3. b3 Bg7 4. Bb2 O-O 5. Nf3 d6 6. e3 Nbd7 7. Be2 c6 8. O-O
Nb6 9. Qc2 Bd7 10. d4 d5 11. Bd3 Qc7 12. Rac1 dxc4 13. bxc4 Rac8 14. Rfd1 Rfd8
15. Ba3 Be6 16. Ne2 Bg4 17. Ne5 Bxe2 18. Qxe2 Nh5 19. Nf3 e6 20. Bb4 Nd7 21.
Ng5 Nhf6 22. Bc3 h6 23. Nf3 c5 24. d5 exd5 25. cxd5 c4 26. Bb1 Re8 27. e4 Nb6
28. d6 Qc6 29. e5 Nbd5 30. Qd2 Nxc3 31. Qxc3 Nd7 32. Nd4 Qc5 33. f4 b5 34. Kh1
b4 35. Qh3 Rcd8 36. Bxg6 fxg6 37. Ne6 Qc6 38. Nxd8 Rxd8 39. Qe6+ Kh8 40. Qxc4
Qxc4 41. Rxc4 Nb6 42. Rxb4 Kg8 43. e6 Bf6 44. Rbb1 Na4 45. e7 Re8 46. d7 Kf7
47. d8=Q {#r} 1-0

[Event "2020 WA-BC Intermat"]
[Site "Chess.com"]
[Date "2020.04.25"]
[Round "1"]
[White "Jiang, Brandon"]
[Black "Jiang, Kate"]
[Result "1/2-1/2"]
[WhiteElo "2110"]
[BlackElo "1929"]
[EventType "team"]

1. e4 e5 2. Nf3 Nc6 3. Bc4 Nf6 4. d3 Bc5 5. c3 d6 6. Nbd2 O-O 7. Bb3 d5 8. Qe2
Re8 9. Nf1 h6 10. h3 Be6 11. g4 Nh7 12. Ng3 a6 13. Nf5 d4 14. h4 Qd7 15. Rg1
Kh8 16. Bc2 h5 17. Ng5 g6 18. Nxh7 Kxh7 19. gxh5 gxf5 20. exf5 Bxf5 21. Qd2
Qe6 22. Bb3 Qf6 23. Bxf7 Bf8 24. Bxe8 Rxe8 25. Qg5 Qe6 26. Kd1 Bh6 27. Qxh6+
Qxh6 28. Bxh6 Kxh6 29. Kc2 e4 30. dxe4 Rxe4 31. Kb3 d3 32. a4 Na5+ 33. Ka3
Rxh4 34. b3 Rf4 35. Rae1 Rxf2 36. Re8 c5 37. Rh8+ Bh7 38. Rg6+ Kxh5 39. Rg7
Rf6 40. Rhxh7+ Rh6 41. Rxh6+ Kxh6 42. Rg3 c4 43. bxc4 Nxc4+ 44. Kb3 Na5+ 45.
Kb4 Nc6+ 46. Kc5 Ne5 47. Kb6 d2 48. Rg1 Nd7+ 49. Kxb7 Nc5+ 50. Ka7 Nxa4 51.
Rd1 Nxc3 52. Rxd2 a5 53. Rc2 Nd5 54. Ra2 Nb4 55. Ra4 Kg6 56. Kb6 Nd5+ 57. Kxa5
Kf6 58. Ra1 Ne3 59. Kb5 Nc2 60. Rd1 Ne3 61. Rd3 Nc2 62. Kc4 Ne1 63. Rd2 Kf5
64. Rf2+ Kg4 65. Kc3 Nf3 66. Kd3 Ne5+ 67. Ke4 Kg3 68. Rf6 Nc4 69. Rf3+ Kg4 70.
Rc3 Nd6+ 71. Ke5 Nf7+ 72. Kf6 Nd6 73. Ke5 Nf7+ 74. Ke6 Ng5+ 75. Ke5 Nf7+ {#d}
1/2-1/2

[Event "2020 WA-BC Intermat"]
[Site "Chess.com"]
[Date "2020.04.25"]
[Round "2"]
[White "Guo, Yu Han"]
[Black "Jiang, Brandon"]
[Result "0-1"]
[WhiteElo "1828"]
[BlackElo "2110"]
[EventType "team"]

1. Nf3 f5 2. d4 Nf6 3. g3 e6 4. Bg2 d6 5. c4 Be7 6. Nc3 O-O 7. O-O a5 8. Qc2
Nc6 9. a3 e5 10. Rd1 Qe8 11. d5 Nb8 12. e4 Qh5 13. Re1 f4 14. gxf4 Bh3 15. Qe2
Ng4 16. f5 g6 17. Qf1 Bxg2 18. Qxg2 Kh8 19. h3 Nf6 20. fxg6 Rg8 21. Kf1 Rxg6
22. Qh1 Nbd7 23. Be3 Ng4 24. Nh2 Qxh3+ 25. Ke2 Nxe3 26. Rg1 Rxg1 27. Rxg1 Nxc4
28. Rg3 Qh6 29. Qf3 Rf8 30. Qd3 Qxh2 31. Nd1 Qh5+ 32. Kf1 Nc5 33. Qxc4 Qxd1+
34. Kg2 Bh4 35. Re3 Rxf2+ 36. Kh3 Qh1+ 37. Kg4 Rf4+ 38. Kh5 Bf2+ 39. Kg5 Qh4#
0-1

[Event "2020 WA-BC Intermat"]
[Site "Chess.com"]
[Date "2020.04.25"]
[Round "1"]
[White "Vijayakumar, Advaith"]
[Black "Guo, Yu Han"]
[Result "1-0"]
[WhiteElo "2026"]
[BlackElo "1828"]
[EventType "team"]

1. d4 d5 2. c4 e6 3. Nc3 Be7 4. Nf3 Nf6 5. cxd5 exd5 6. Bf4 c6 7. Qc2 O-O 8.
e3 b6 9. Bd3 Ba6 10. O-O Bxd3 11. Qxd3 Nbd7 12. h3 h6 13. Ne5 Nxe5 14. Bxe5
Bd6 15. Rac1 Bxe5 16. dxe5 Nd7 17. f4 Nc5 18. Qd2 Rc8 19. b4 Ne6 20. Rfd1 Qe7
21. b5 cxb5 22. Nxd5 Qh4 23. f5 Rxc1 24. Qxc1 Nc5 25. f6 Ne4 26. Rf1 Ng3 27.
Qe1 g5 28. Rf3 Nf5 29. Qb1 Ng3 30. Ne7+ Kh8 31. Qe1 Nf5 32. g3 Nxg3 33. Qxg3
Qxg3+ 34. Rxg3 Rd8 35. Rf3 Rd1+ 36. Kg2 a5 37. e6 Rd2+ 38. Kg3 h5 39. exf7 h4+
40. Kg4 Rd8 41. Kxg5 Kh7 42. Rf4 {#r} 1-0

[Event "2020 WA-BC Intermat"]
[Site "Chess.com"]
[Date "2020.04.25"]
[Round "2"]
[White "Jiang, Kate"]
[Black "Vijayakumar, Advaith"]
[Result "0-1"]
[WhiteElo "1929"]
[BlackElo "2026"]
[EventType "team"]

1. e4 c5 2. Nf3 Nc6 3. c3 Nf6 4. e5 Nd5 5. d4 cxd4 6. cxd4 d6 7. Bc4 Nb6 8.
Bb5 Bd7 9. exd6 e6 10. O-O Bxd6 11. Nc3 Nb4 12. Bd3 Nxd3 13. Qxd3 O-O 14. Ng5
g6 15. Re1 Bc6 16. Qh3 h5 17. Nge4 Be7 18. Bh6 Re8 19. Rad1 Nd5 20. Nxd5 Bxd5
21. Nc3 Bb4 22. a3 Bxc3 23. Qxc3 Rc8 24. Qg3 Qc7 25. Qh4 Kh7 26. Bf4 Qe7 27.
Bg5 Qd6 28. Rc1 Rxc1 29. Rxc1 e5 30. Qg3 Bc6 31. Be3 Qd5 32. dxe5 Rxe5 33. h3
a6 34. Kh2 Re4 35. Qf3 Qe5+ 36. Kg1 f5 37. Qd1 Qxb2 38. Qd3 Qf6 39. g3 g5 40.
Bd2 h4 41. Bc3 Qe7 42. Bb4 Qf6 43. Bc3 Qe7 44. Bb4 Qe6 45. Qd1 Re2 46. Qd3
hxg3 47. Qxg3 Qe4 48. Qc7+ Kg6 49. Qh2 Qf3 50. Kf1 Bb5 51. Kg1 Bc6 52. Kf1 Ra2
53. Bc5 f4 54. Re1 Rd2 55. Rc1 Rd1+ 56. Rxd1 Qxd1# 0-1

[Event "2020 WA-BC Intermat"]
[Site "Chess.com"]
[Date "2020.04.25"]
[Round "1"]
[White "Anoop, Pranav K"]
[Black "Zhou, Aiden"]
[Result "1/2-1/2"]
[WhiteElo "1975"]
[BlackElo "2119"]
[EventType "team"]

1. e4 e6 2. d4 d5 3. Nc3 Nf6 4. e5 Nfd7 5. f4 c5 6. Nf3 Nc6 7. Be3 cxd4 8.
Nxd4 Bc5 9. Qd2 a6 10. O-O-O Nxd4 11. Bxd4 b5 12. h4 Bb7 13. h5 h6 14. g4 b4
15. Ne2 a5 16. Kb1 Rc8 17. f5 O-O 18. f6 Bxd4 19. Nxd4 Nxe5 20. g5 hxg5 21.
fxg7 Kxg7 22. Rg1 Kh6 23. Bd3 Nc6 24. Nf3 f6 25. Rdf1 Qe7 26. Rg3 Ne5 27. Nxe5
fxe5 28. Rfg1 Rf4 29. Qe3 e4 30. Rxg5 Qxg5 31. Rxg5 Kxg5 32. Qg3+ Kf5 33. Be2
Rc7 34. Qg6+ Ke5 35. Qg5+ Rf5 36. Qg3+ Rf4 37. Qg5+ Rf5 38. Qg3+ Rf4 39. Qg5+
{#d} 1/2-1/2

[Event "2020 WA-BC Intermat"]
[Site "Chess.com"]
[Date "2020.04.25"]
[Round "2"]
[White "Wu, Lucian"]
[Black "Anoop, Pranav K"]
[Result "1/2-1/2"]
[WhiteElo "1844"]
[BlackElo "1975"]
[EventType "team"]

1. d4 d5 2. c4 e6 3. Nc3 Be7 4. Nf3 Nf6 5. Bf4 O-O 6. e3 Nbd7 7. Bd3 dxc4 8.
Bxc4 a6 9. O-O b5 10. Bb3 Bb7 11. h3 c5 12. d5 exd5 13. Nxd5 Nxd5 14. Bxd5
Bxd5 15. Qxd5 Nf6 16. Qe5 Re8 17. Rfd1 Qb6 18. Rac1 Rad8 19. Rxd8 Qxd8 20. Qf5
Qd5 21. Qb1 Rd8 22. Bg5 h6 23. Bxf6 Bxf6 24. e4 Qd6 25. Re1 Bd4 26. e5 Qd5 27.
Re2 Re8 28. Rd2 Qe6 29. Nxd4 cxd4 30. Rxd4 Qxe5 31. Rd1 {#d} 1/2-1/2

[Event "2020 WA-BC Intermat"]
[Site "Chess.com"]
[Date "2020.04.25"]
[Round "1"]
[White "Szeto, Sophie"]
[Black "Wu, Lucian"]
[Result "1-0"]
[WhiteElo "1705"]
[BlackElo "1844"]
[EventType "team"]

1. e4 e5 2. Nf3 Nc6 3. Bc4 Nf6 4. d3 Bc5 5. c3 O-O 6. Nbd2 a6 7. Bb3 d6 8. h3
Be6 9. Nf1 Bxb3 10. Qxb3 d5 11. exd5 Qxd5 12. Qxd5 Nxd5 13. Ng3 Rad8 14. O-O
Rd7 15. Re1 f6 16. Rd1 Rfd8 17. Ne1 Bb6 18. Bd2 a5 19. a4 Nb8 20. Nf5 Kf7 21.
g3 Na6 22. Ne3 Nc5 23. Nc4 h5 24. h4 c6 25. Rdb1 Nb3 26. Ra3 Nxd2 27. Nxd2 Bc5
28. Raa1 Ne7 29. Ne4 Bb6 30. Kg2 Nd5 31. Rd1 Nc7 32. Ra3 Ne6 33. b4 axb4 34.
cxb4 Ba7 35. Nf3 Ke7 36. Rb3 f5 37. Neg5 Nxg5 38. hxg5 e4 39. Ne1 Rd4 40. Rd2
Kf7 41. f3 Kg6 42. f4 h4 43. Kh3 hxg3 44. Kxg3 Bb8 45. Ng2 exd3 46. Kf3 Kf7
47. Ke3 Re4+ 48. Kf3 Ke7 49. a5 Red4 50. Ke3 Re4+ 51. Kf3 Red4 52. Ke3 Ba7 53.
Kf3 g6 54. Nh4 Kf7 55. Ng2 R8d5 56. Ne3 Rd7 57. Rc3 Bb8 58. Ng2 Ke6 59. Rb3
R7d5 60. Rc3 Rxb4 61. Rcxd3 Rxa5 62. Re2+ Re4 63. Rxe4+ fxe4+ 64. Kxe4 Ra4+
65. Kf3 b5 66. Rc3 Kd7 67. Kg4 b4 68. Rd3+ Ke6 69. Nh4 Ra3 70. Rd1 b3 71. Nxg6
Ra4 72. Nf8+ Ke7 73. Ng6+ Kf7 74. Kf5 Ra5+ 75. Ne5+ Bxe5 76. fxe5 b2 77. g6+
Ke7 78. g7 Ra8 79. Rb1 Rb8 80. Rxb2 Rxb2 81. g8=Q Rf2+ 82. Ke4 Re2+ 83. Kd4
Rd2+ 84. Kc3 Rh2 85. Qg5+ Ke6 86. Qf6+ Kd5 87. Qd6+ Ke4 88. Qxc6+ Kf5 89. Qf3+
{#r} 1-0

[Event "2020 WA-BC Intermat"]
[Site "Chess.com"]
[Date "2020.04.25"]
[Round "2"]
[White "Zhou, Aiden"]
[Black "Szeto, Sophie"]
[Result "1/2-1/2"]
[WhiteElo "2119"]
[BlackElo "1705"]
[EventType "team"]

1. d4 d5 2. c4 e6 3. Nc3 Nf6 4. cxd5 exd5 5. Bg5 Be7 6. e3 h6 7. Bh4 O-O 8.
Bd3 b6 9. Nf3 Bb7 10. O-O Nbd7 11. Qc2 c5 12. Rad1 Rc8 13. Bf5 Ne4 14. Bxe7
Qxe7 15. Ne5 Nxc3 16. bxc3 Bc6 17. Nxc6 Rxc6 18. e4 dxe4 19. Bxe4 Re6 20. Bd5
Re2 21. Qa4 Nf6 22. Bf3 Re6 23. d5 Rd6 24. Rfe1 Qd7 25. Qxd7 Rxd7 26. c4 Re8
27. a4 Kf8 28. a5 bxa5 29. Rxe8+ Nxe8 30. Ra1 Nd6 31. Be2 Nb7 32. Bg4 Rd8 33.
Kf1 Re8 34. f3 Ke7 35. Ke2 Kd8+ 36. Kd3 Kc7 37. f4 Kb6 38. Rb1+ Kc7 39. Bd7
Re7 40. Bg4 Nd6 41. Bf3 g5 42. fxg5 hxg5 43. Ra1 Kb6 44. Rb1+ Kc7 45. g4 f6
46. h3 Rh7 47. Bg2 f5 48. gxf5 Rh4 49. Rf1 Rxc4 50. f6 Rf4 51. Rxf4 gxf4 52.
h4 a4 53. Kc2 Nf7 54. Bf3 Kd6 55. Bh5 Ne5 56. Kc3 Nd7 57. f7 Kxd5 58. Bd1 a3
59. h5 Ke5 60. Bb3 Kf5 61. Kd3 Kg5 62. Ke4 Kxh5 63. Kxf4 Kg6 64. Be6 Nf8 65.
Ke5 Nxe6 66. Kxe6 a2 67. f8=Q a1=Q 68. Qf5+ Kg7 69. Qg5+ Kh7 {#d} 1/2-1/2

[Event "2020 WA-BC Intermat"]
[Site "Chess.com"]
[Date "2020.04.25"]
[Round "1"]
[White "Shubin, Daniel"]
[Black "Huang, Patrick"]
[Result "1-0"]
[WhiteElo "2161"]
[BlackElo "2247"]
[EventType "team"]

1. e4 g6 2. d4 Bg7 3. f4 d6 4. Nf3 a6 5. Bd3 Nd7 6. O-O Ngf6 7. e5 Nd5 8. Be4
N5b6 9. b3 d5 10. Bd3 c5 11. Be3 Qc7 12. Nbd2 cxd4 13. Bxd4 Nc5 14. Rc1 Bd7
15. Be2 Ne6 16. Be3 d4 17. Nxd4 Qc3 18. Nf5 gxf5 19. Bxb6 Bh6 20. Nc4 Nxf4 21.
Bf3 Bc6 22. Bxc6+ bxc6 23. Rf3 Qb4 24. a4 Ne2+ 25. Qxe2 Bxc1 26. e6 f6 27.
Rxf5 O-O 28. Qd1 Bh6 29. Rf3 Bd2 30. Rd3 Rab8 31. Qg4+ Kh8 32. Qd4 Bh6 33. Kf1
Bg7 34. Rh3 h6 35. Qe3 Kh7 36. Qe4+ f5 37. Qxc6 Rfc8 38. Qd5 Rxc4 39. Qxf5+
Kg8 40. Qf7+ Kh8 41. bxc4 Rf8 42. Rxh6+ Bxh6 43. Bd4+ Bg7 44. Bxg7+ {#r} 1-0

[Event "2020 WA-BC Intermat"]
[Site "Chess.com"]
[Date "2020.04.25"]
[Round "2"]
[White "Tian, Shi Yuan"]
[Black "Shubin, Daniel"]
[Result "1-0"]
[WhiteElo "2045"]
[BlackElo "2161"]
[EventType "team"]

1. d4 d5 2. c4 e6 3. Nc3 Nf6 4. cxd5 exd5 5. Bg5 Be7 6. e3 O-O 7. Bd3 c6 8.
Qc2 Nbd7 9. Nf3 Re8 10. O-O Nf8 11. h3 Ne4 12. Bf4 Nxc3 13. bxc3 g6 14. c4 Be6
15. c5 g5 16. Bh2 Ng6 17. Ne5 Rf8 18. Nxg6 hxg6 19. Bxg6 f5 20. Be5 Qd7 21.
Bh5 Bf6 22. Bd6 Rfd8 23. Be2 Qh7 24. Bd3 Kg7 25. f4 g4 26. hxg4 Rh8 27. g5
Qh2+ 28. Kf2 Qh4+ 29. Ke2 Qg4+ 30. Kd2 Bd8 31. Be5+ Kg6 32. Bxh8 Ba5+ 33. Kc1
Rxh8 34. Be2 Qg3 35. Bf3 Rh2 36. Kb2 Bf7 37. Qf2 Qxf2+ 38. Rxf2 {#r} 1-0

[Event "2020 WA-BC Intermat"]
[Site "Chess.com"]
[Date "2020.04.25"]
[Round "1"]
[White "Beck, Alec"]
[Black "Tian, Shi Yuan"]
[Result "1/2-1/2"]
[WhiteElo "1975"]
[BlackElo "2045"]
[EventType "team"]

1. d4 d5 2. c4 e6 3. Nc3 Be7 4. cxd5 exd5 5. Nf3 c6 6. Bf4 Nf6 7. e3 Bf5 8.
Bd3 Bxd3 9. Qxd3 O-O 10. O-O Nbd7 11. Rac1 Re8 12. h3 Nf8 13. Bh2 Bd6 14. Ne5
Qe7 15. a3 N6d7 16. Nxd7 Nxd7 17. Bxd6 Qxd6 18. Na4 Nb6 19. Nc5 Qe7 20. b3 Nc8
21. Qf5 Nd6 22. Qd7 Rad8 23. Qxe7 Rxe7 24. Rc2 f6 25. a4 a6 26. Nd3 Kf7 27.
Rfc1 Rde8 28. h4 g6 29. g3 Kg7 30. Kg2 h6 31. Rh1 h5 32. Nb2 Kf7 33. Nd3 Kg7
34. Nf4 Ne4 35. Nd3 Kf7 36. Nc5 Nd6 37. Rcc1 Rh8 38. Nd3 Nf5 39. Nf4 Nd6 40.
Nd3 Rhe8 {#d} 1/2-1/2

[Event "2020 WA-BC Intermat"]
[Site "Chess.com"]
[Date "2020.04.25"]
[Round "2"]
[White "Huang, Patrick"]
[Black "Beck, Alec"]
[Result "1-0"]
[WhiteElo "2247"]
[BlackElo "1975"]
[EventType "team"]

1. d4 Nf6 2. Bf4 g6 3. Nc3 d5 4. e3 Bg7 5. h4 h5 6. Nf3 O-O 7. Be2 Bf5 8. Ne5
Nbd7 9. g4 hxg4 10. Nxg4 Bxg4 11. Bxg4 Nxg4 12. Qxg4 Nf6 13. Qg2 Nh5 14. O-O-O
Nxf4 15. exf4 e6 16. h5 Qf6 17. Ne2 gxh5 18. Rdg1 Rfc8 19. f5 Kf8 20. fxe6
fxe6 21. Rh3 Bh6+ 22. Kb1 Ke7 23. Rg3 Rh8 24. Rg6 Qf7 25. Nc1 Raf8 26. Nd3 b6
27. Ne5 Qxf2 28. Qh3 Rf6 29. Rxf6 Qxg1+ 30. Rf1 Qg5 31. Qa3+ Ke8 32. Qa4+ {#r}
1-0

[Event "2020 WA-BC Intermat"]
[Site "Chess.com"]
[Date "2020.04.25"]
[Round "1"]
[White "Chen, Minda"]
[Black "Hemstapat, Andrew"]
[Result "0-1"]
[WhiteElo "1972"]
[BlackElo "2245"]
[EventType "team"]

1. d4 Nf6 2. c4 g6 3. Nc3 Bg7 4. e4 d6 5. Be2 O-O 6. Be3 e5 7. d5 Na6 8. g4
Nc5 9. Bf3 a5 10. h4 Qd7 11. g5 Ng4 12. Bxc5 dxc5 13. h5 gxh5 14. Rxh5 f5 15.
Rh4 Qf7 16. Qd2 h5 17. gxh6 Bf6 18. Rh3 Qg6 19. exf5 Bxf5 20. Rg3 Bh4 21. Rg2
e4 22. Bxg4 Bxg4 23. Qe3 Rae8 24. Nce2 Qf5 25. Ng3 Qe5 26. Nf1 Kh7 27. Rb1
Rxf2 28. Qxf2 Bxf2+ 29. Rxf2 e3 30. Rg2 Qe4 {#R} 0-1

[Event "2020 WA-BC Intermat"]
[Site "Chess.com"]
[Date "2020.04.25"]
[Round "2"]
[White "Zheng, Victor"]
[Black "Chen, Minda"]
[Result "0-1"]
[WhiteElo "1918"]
[BlackElo "1972"]
[EventType "team"]

1. Nf3 Nf6 2. g3 c5 3. Bg2 Nc6 4. O-O g6 5. d4 cxd4 6. Nxd4 Bg7 7. c4 O-O 8.
Nc3 Qb6 9. Nb3 d6 10. Be3 Qc7 11. Rc1 Be6 12. Nd5 Qd7 13. Qd2 Rfd8 14. Rfd1
Rac8 15. Nd4 Ng4 16. Nxe6 fxe6 17. Nf4 Kh8 18. Bh3 Nce5 19. Bd4 g5 20. Nh5 Bf6
21. Bxg4 Nxg4 22. Qxg5 Bxd4 23. Rxd4 Rg8 24. Qh4 e5 25. Rd3 Qe6 26. h3 Qh6 27.
Rcd1 Nf6 28. Rxd6 exd6 29. Qxf6+ Qxf6 30. Nxf6 Rgf8 31. Ne4 Rxc4 32. Nxd6 Rc2
33. Nxb7 Rxb2 34. Nc5 Rxe2 35. Nd3 Rd8 36. a4 e4 37. Nb2 Rxd1+ 38. Nxd1 Re1+
{#R} 0-1

[Event "2020 WA-BC Intermat"]
[Site "Chess.com"]
[Date "2020.04.25"]
[Round "1"]
[White "Gupta, Anand"]
[Black "Zheng, Victor"]
[Result "0-1"]
[WhiteElo "1799"]
[BlackElo "1918"]
[EventType "team"]

1. d4 Nf6 2. c4 g6 3. Nc3 Bg7 4. e4 d6 5. Be3 O-O 6. f3 c5 7. d5 e6 8. Nge2
exd5 9. cxd5 a6 10. a4 Nbd7 11. Nc1 Ne5 12. b3 Qa5 13. Qd2 b5 14. N1a2 b4 15.
Nd1 Re8 16. Nb2 Bb7 17. Rd1 Qc7 18. Nc4 Nfd7 19. Rc1 Nxc4 20. Bxc4 Ne5 21. O-O
Rac8 22. Be2 Qe7 23. Rc2 h5 24. Nc1 Kh7 25. Nd3 Nxd3 26. Bxd3 Bc3 27. Qe2 Ra8
28. Bf2 Qf6 29. f4 Bxd5 30. e5 dxe5 31. Qxh5+ Kg7 32. Qg4 Bxb3 33. Bh4 Qd6 34.
Kh1 Qxd3 35. Rcf2 Qf5 36. Qg3 e4 37. Bg5 e3 38. Re2 Bc4 39. Qf3 Bxe2 40. Qxe2
b3 41. g4 Qe4+ 42. Kg1 b2 43. f5 b1=Q 44. fxg6 Qxf1+ 45. Kxf1 Qh1# 0-1

[Event "2020 WA-BC Intermat"]
[Site "Chess.com"]
[Date "2020.04.25"]
[Round "2"]
[White "Hemstapat, Andrew"]
[Black "Gupta, Anand"]
[Result "1-0"]
[WhiteElo "2245"]
[BlackElo "1799"]
[EventType "team"]

1. e4 c6 2. d3 d5 3. Nd2 e5 4. Ngf3 Bd6 5. d4 exd4 6. exd5 c5 7. Bb5+ Bd7 8.
Bxd7+ Qxd7 9. O-O Ne7 10. c4 dxc3 11. bxc3 Nxd5 12. Re1+ Ne7 13. Nc4 Bc7 14.
Qe2 Nbc6 15. Bg5 f6 16. Rad1 Qg4 17. Ne3 Qh5 18. Nf5 Ne5 19. Nxg7+ {#r} 1-0

[Event "2020 WA-BC Intermat"]
[Site "Chess.com"]
[Date "2020.04.25"]
[Round "1"]
[White "Stein, Daniel"]
[Black "Wang, Alex J"]
[Result "1-0"]
[WhiteElo "1766"]
[BlackElo "1832"]
[EventType "team"]

1. e4 c5 2. Nf3 d6 3. d4 cxd4 4. Nxd4 Nf6 5. Nc3 a6 6. Be3 Qc7 7. f3 e6 8. g4
Be7 9. h4 b5 10. h5 b4 11. Nce2 d5 12. g5 Nfd7 13. exd5 Qe5 14. Qd2 Qxd5 15.
Nf4 Qe5 16. Nd3 Qg3+ 17. Nf2 Bb7 18. Bf4 Bxg5 19. Bxg3 Bxd2+ 20. Kxd2 e5 21.
Re1 O-O 22. Bxe5 Rd8 23. Kc1 Nxe5 24. Rxe5 f6 25. Re7 Bc8 26. Bc4+ Kf8 27.
Rf7+ Ke8 28. Re1+ {#r} 1-0

[Event "2020 WA-BC Intermat"]
[Site "Chess.com"]
[Date "2020.04.25"]
[Round "2"]
[White "Chung, Alec"]
[Black "Stein, Daniel"]
[Result "0-1"]
[WhiteElo "1822"]
[BlackElo "1766"]
[EventType "team"]

1. c4 e5 2. Nc3 Nf6 3. g3 Bb4 4. Bg2 O-O 5. a3 Bxc3 6. bxc3 Re8 7. d3 e4 8.
Be3 d5 9. dxe4 dxe4 10. Qxd8 Rxd8 11. Bg5 Re8 12. Rb1 Nbd7 13. e3 h6 14. Bxf6
Nxf6 15. Ne2 c5 16. O-O b6 17. Nf4 Ba6 18. Rfd1 Bxc4 19. Bf1 Bxf1 20. Kxf1
Rad8 21. Ke2 g5 22. Ng2 Nd5 23. Rbc1 c4 24. Rd4 b5 25. Kd2 Nb6 26. Ne1 Rxd4+
27. cxd4 Nd5 28. Nc2 a5 29. Rb1 Rb8 30. f3 f5 31. fxe4 fxe4 32. Ra1 Kg7 33.
Rf1 Rf8 34. Rxf8 Kxf8 35. h4 Ke7 36. Kc1 Kf6 37. Ne1 Nxe3 38. hxg5+ Kxg5 39.
Kb2 Nd5 40. a4 b4 41. Nc2 h5 42. Kc1 Kg4 43. Kd2 Kxg3 44. Ne3 Nxe3 45. Kxe3 h4
46. d5 h3 47. d6 h2 48. d7 h1=Q 49. d8=Q Qf3+ 50. Kd2 Qd3+ 51. Ke1 Qxd8 52.
Ke2 Qd3+ 53. Ke1 Qe3+ 54. Kd1 c3 55. Kc2 Qd2+ 56. Kb3 c2 57. Ka2 c1=Q+ {#R}
0-1

[Event "2020 WA-BC Intermat"]
[Site "Chess.com"]
[Date "2020.04.25"]
[Round "1"]
[White "Ranganathan, Ananta"]
[Black "Chung, Alec"]
[Result "0-1"]
[WhiteElo "1731"]
[BlackElo "1822"]
[EventType "team"]

1. Nf3 Nf6 2. c4 g6 3. g3 Bg7 4. Bg2 O-O 5. O-O d5 6. cxd5 Nxd5 7. Nc3 Nxc3 8.
bxc3 c5 9. Ba3 Qa5 10. Qc1 Nc6 11. Rb1 Rb8 12. Ne1 Bf5 13. Nd3 c4 14. e4 cxd3
15. exf5 Qxf5 16. Re1 Rfc8 17. Bxe7 Nd4 18. Qd1 Ne2+ 19. Kf1 Bxc3 20. Bd6 Bd4
21. f4 Qh5 22. Rxe2 dxe2+ 23. Qxe2 Qxh2 24. Ke1 Re8 25. Be5 Qg1+ 26. Qf1 f6
27. Qxg1 Bxg1 28. Kf1 fxe5 29. Kxg1 exf4 30. gxf4 Re7 31. d4 b6 32. Rd1 Rd8
33. d5 Rd6 34. Kf2 Kg7 35. Kf3 Kf6 36. Kg4 Re3 37. Bf3 Ra3 38. Rd2 b5 39. Rb2
a6 40. Rh2 h5+ 41. Kg3 Rxd5 42. Rc2 Rdd3 43. Rc6+ Kg7 44. Rc7+ Kh6 {#R} 0-1